|
วิทยาลัยพยาบาลบรมราชชนนี ยะลา |
|
แสดงรายละเอียดบรรณานุกรม |
|
|
Brief Record
: Get Marc (ISO 2709)
: E-mail record
: |
|
|
|
| LEADER 00000nam 2200000uu 4500 | |||
| 001 1261 | |||
| 003 ULIBM | |||
| 008 240201s2565||||th 000 0 tha d | |||
| 020 0 ^a9786165944908 | |||
| 060 0 ^aWB105^bก152ก | |||
| 100 0 ^aกรกฏ อภิรัตน์วรากุล | |||
| 245 00 ^a"การแพทย์ฉุกเฉิน" พลวัตแห่งการพัฒนาอย่างยั่งยืน/^cกรกฏ อภิรัตน์วรากุล | |||
| 250 ^aพิมพ์ครั้งที่ 1 | |||
| 260 ^aขอนแก่น :^bคลังนานาวิทยา,^c2565. | |||
| 300 ^a268 หน้า :^bภาพประกอบ ;^c27 ซม. | |||
| 650 0 ^aเวชศาสตร์ฉุกเฉิน | |||
| 650 0 ^aภาวะฉุกเฉินทางการแพทย์ | |||
| 650 0 ^aบุคลากรทางเวชศาสตร์ฉุกเฉิน | |||
| 650 0 ^aคลื่นเสียงความถี่สูงทางการแพทย์ | |||
| 710 0 ^aมหาวิทยาลัยขอนแก่น.^bคณะแพทยศาสตร์.^cสาขาเวชศาสตร์ฉุกเฉิน. | |||
| 999 ^aรอมือละห์ | |||
| คุณยังไม่ได้ล็อกอิน คุณสามารถมีกิจกรรมร่วมกับเว็บไซต์ได้ แต่ต้องล็อกอินก่อน :: |
|
| สถานะ | |||||||||
| 1. | หนังสือสำรอง สถานะ=หนังสือสำรอง | WB105 ก152ก 2565 ฉ.1 | ►หนังสือสำรอง | On Shelf ขอยืม | |||||
| 2. | หนังสือทางการพยาบาล | WB105 ก152ก 2565 ฉ.2 | ►หนังสือ ตำรา ทางการพยาบาล | On Shelf ขอยืม | |||||
| [แสดง 2/2 รายการ] | |||||||||
| รายการใกล้เคียง ผู้แต่ง [กรกฏ อภิรัตน์วรากุล] หัวเรื่อง [เวชศาสตร์ฉุกเฉิน]
|
BibComment |
| คอมเมนท์ทรัพยากรรายการนี้ |
|
|